000 01301nam a2200325 i 4500
003 EG-GICUC
005 20260505155556.0
008 260505s1993 ua ||||fr|||| 00| 0 ara d
015 _q93/4158
020 _a9770409693
040 _a EG-GICUC
_bara
_c EG-GICUC
_d EG-GICUC
_erda
041 _aara
082 0 4 _221
_a345.693
_bن ب . د
092 0 4 _221
099 _aLaw1 07 345.693 ن ب . د 1993
100 1 _aنبيلة عبد الحليم كامل
_eمؤلف.
245 _aدور القاضي الإداري في الرقابة على شرط المنفعة العامة في حالة نزع الملكية :
_bالاتجاه الحديث لمجلسي الدولة في مصر وفرنسا /
_cنبيلة عبد الحليم كامل .
264 _aالقاهرة :
_bدار النهضة العربية ،
_c1993 .
300 _a87 ؛ صفحة
_c24 سم
336 _2rda content
_atext
337 _2rda media
_aComputer
338 _2rda carrier
_aOnline Resource
546 _aالنص باللغة العربية
650 1 _aالقانون الادارى
650 1 _aالرقابة القضائية علي اعمال الادارة
651 1 _2qrmak
856 4 0 _uhttps://fll.law.cu.edu.eg/fulltext/bks/B07-03829.pdf
905 _a60
942 _2ddc
_cBK
_e21
_n0
999 _c75822
_d75822